Forme di paese nella mappa del mondo #5 - Statistics

Statistiche generali
  • Questo quiz è stato fatto 135 volte
  • Il punteggio medio è 15 su 20
Risposte nella Mappa
Le risposte nella mappa del quiz sottostante sono codificate secondo una scala di colori dal rosso al verde in base alla % di persone che hanno risposto correttamente.
 
Statistiche sulle risposte
nazione % Corretto
Russia
96%
Colombia
90%
Germania
90%
Regno Unito
90%
India
89%
Sudan
88%
Sudafrica
83%
Mali
80%
Bosnia ed Erzegovina
75%
Uruguay
74%
Suriname
71%
Afghanistan
68%
Ungheria
66%
Myanmar
63%
Zambia
62%
Guatemala
60%
Kiribati
59%
Ghana
58%
Emirati Arabi Uniti
55%
Giordania
55%
Nessun quiz corrispondente trovato
Distribuzione punteggi
Percentuale di utenti per punteggio
Percentile per numero di risposta
I tuoi punteggi nel tempo
Non hai fatto questo quiz